00555nam a2200157Ia 4500008004000000020001800040082001800058100002300076245004700099260006200146300000800208690001900216906001100235999001900246952013200265210210b1977 xxu||||| |||| 00| 0 eng d a0 684 84015 4 a362.8286 COVS aCOVEY (Stephen R). aSeven habits of highly effective families. aGreat Britain.bSimon & Schuster A Viacom Company.,c1977 a392 aSocial Welfare a053628 c101373d101373 001040708Social WorkaALbALcSocial Workd2021-02-17g469.95l0o362.8286 COVSp053628r2021-02-17 00:00:00w2021-02-17yBK